La ciencia, una amenaza ?: interrogantes de un genetista
Guardado en:
| Autor principal: | |
|---|---|
| Formato: | Libro |
| Lenguaje: | español |
| Publicado: |
Buenos Aires
Gedisa
1983
|
| Materias: | |
| Etiquetas: |
Agregar Etiqueta
Sin Etiquetas, Sea el primero en etiquetar este registro!
|
MARC
| LEADER | 00000nam a2200000 a 4500 | ||
|---|---|---|---|
| 001 | UCX2155 | ||
| 003 | CL-VaPUC | ||
| 008 | 910327e19830000AG |||||||||||||||||spa|d | ||
| 082 | 0 | 4 | |a 573.2 |b JAC |2 21 |
| 100 | |a Jacquard, Albert |e author |9 539750 | ||
| 245 | 1 | 3 | |a La ciencia, una amenaza ?: interrogantes de un genetista |
| 300 | |a 165 p | ||
| 942 | |c BK | ||
| 945 | |d 19910327 00:00:00 | ||
| 260 | |a Buenos Aires |b Gedisa |c 1983 | ||
| 650 | 7 | |a GENETICA DE POBLACION HUMANA FILOSOFIA |2 CL-VaPUC |9 317992 | |
| 650 | 7 | |a GENETICA DE PROBLACION HUMANA ASPECTOS SOCIALES |2 CL-VaPUC |9 317993 | |
| 583 | |a last modification |c 19910327 00:00:00 |k Rodrigo Vera | ||
| 999 | |c 223238 |d 223236 | ||
| 952 | |0 0 |1 0 |4 0 |6 573_200000000000000_JAC_1983 |7 0 |8 A |9 218820 |a BIBCUR |b BIBCUR |d 2019-11-15 |i 2876329 |o 573.2 JAC 1983 |p 2876329 |r 2025-04-22 |w 2019-11-15 |y BK |k FIS | ||